Score 0/32 Timer 03:00
0 Plays Today
% Correct
Grey's
98.5%
Breaking
97.7%
Looney
97.2%
Hell's
96.5%
Gilmore
95.4%
Criminal
95.3%
Extreme
95.2%
Arrested
95%
Downton
94.8%
Lizzie
93.3%
Doctor
92.1%
Sleepy
91.7%
Wife
91.6%
Entertainment
91.3%
Ghost
90.5%
Dexter's
90.2%
% Correct
Twin
89.8%
Teen
89.4%
Mr.
88.6%
Access
87.9%
Weird
85.4%
Cupcake
85.2%
Top
83.9%
Almost
80.2%
Fraggle
79.8%
Angry
77.5%
Zoey
72.8%
Eerie,
62.8%
Eureeka's
55.5%
Eli
53.6%
Naturally,
47.7%
Forever
46.7%
Remove Ads.
Support Sporcle.
Get the best of Sporcle when you Go Orange. This ad-free experience offers more features, more stats, and more fun while also helping to support Sporcle. Thank you for becoming a member.

You're not logged in!

Compare scores with friends on all Sporcle quizzes.
OR
Log In

Show Comments

Extras

Top Quizzes Today


Score Distribution

Your Account Isn't Verified!

In order to create a playlist on Sporcle, you need to verify the email address you used during registration. Go to your Sporcle Settings to finish the process.

Report this User

Report this user for behavior that violates our Community Guidelines.

Details: